000
00281nam a2200097Ia 4500
008
220204s9999 xx 000 0 und d
082
_a
331:62(540)
_b
REP;1
245
0
_a
Report of the study group for heavy engineering
260
_a
Delhi
_b
Natl Commission on labour
_c
1969
942
_c
BK
999
_c
22039
_d
22039